L'inhibition de l'action : biologie comportementale et physio-pathologie
Αποθηκεύτηκε σε:
| Κύριος συγγραφέας: | |
|---|---|
| Μορφή: | Βιβλίο |
| Γλώσσα: | French |
| Δημοσίευση: |
Paris; Montréal :
Masson,
1986
|
| Έκδοση: | 2e ed., rev. et augm. |
| Θέματα: | |
| Ετικέτες: |
Προσθήκη ετικέτας
Δεν υπάρχουν, Καταχωρήστε ετικέτα πρώτοι!
|
MARC
| LEADER | 00000nam a2200000 i 4500 | ||
|---|---|---|---|
| 001 | 1/67262 | ||
| 008 | 931029s1986 fre d | ||
| 020 | |a 2-225-80641-1 | ||
| 035 | |a ΛΕΣΒΟΣb10001867 |l 10001867 | ||
| 040 | |a GR-MY-UA |b gre |e aacr | ||
| 041 | 0 | |a fre | |
| 082 | 0 | |a 612.8 | |
| 100 | 1 | |a Laborit, Henri |d 1914- | |
| 245 | 1 | 0 | |a L'inhibition de l'action : |b biologie comportementale et physio-pathologie / |c H. Laborit |
| 250 | |a 2e ed., rev. et augm. | ||
| 260 | |a Paris; Montréal : |b Masson, |c 1986 | ||
| 300 | |a vi, 332 σ.; |b εικ.; |c 26 εκ. | ||
| 504 | |a Περιέχει βιβλιογραφικές παραπομπές (σ. [295]-325) και ευρετήριο | ||
| 650 | 0 | 0 | |a Neurophysiology. |
| 650 | 0 | 0 | |a Endocrinology. |
| 650 | 0 | 0 | |a Inhibition. |
| 650 | 0 | 0 | |a Human behavior. |
| 852 | |a INST |b LESVOS |e 19931029 |h 612.8 LAB |p 005100005937 |q 005100005937 |t BK |y 0 | ||
| 909 | |a Λ |b 010374 | ||